Las 4 fases del Luisón y otros poemas / (Registro nro. 15488)

Detalles MARC
000 -CABECERA
campo de control de longitud fija 01232nam a2200349 a 4500
001 - NÚMERO DE CONTROL
campo de control 000012988
003 - IDENTIFICADOR DEL NÚMERO DE CONTROL
campo de control DO-SdBPM
005 - FECHA Y HORA DE LA ÚLTIMA TRANSACCIÓN
campo de control 20251104093301.0
007 - CAMPO FIJO DE DESCRIPCIÓN FÍSICA--INFORMACIÓN GENERAL
campo de control de longitud fija ta
008 - DATOS DE LONGITUD FIJA--INFORMACIÓN GENERAL
campo de control de longitud fija 091118s2012 pa 000 f spa d
020 ## - NÚMERO INTERNACIONAL ESTÁNDAR DEL LIBRO
Número Internacional Estándar del Libro 9992599197
040 ## - FUENTE DE LA CATALOGACIÓN
Centro catalogador/agencia de origen DO-SdBPM
Lengua de catalogación spa
Centro/agencia transcriptor BPMSU
Normas de descripción rda
082 #4 - NÚMERO DE LA CLASIFICACIÓN DECIMAL DEWEY
Número de clasificación Pa861.44
Número de documento/Ítem D671c 2012
Número de edición 22
092 ## - ASIGNACIÓN LOCAL DE SIGNATURA TOPOGRÁFICA DEWEY (OCLC)
Número de documento/Ítem
100 1# - ENTRADA PRINCIPAL--NOMBRE DE PERSONA
Nombre de persona Domínguez, Ramiro
Fechas asociadas al nombre 1930-2018
Término indicativo de función/relación autor
245 14 - MENCIÓN DE TÍTULO
Título Las 4 fases del Luisón y otros poemas /
Mención de responsabilidad, etc. Ramiro Domínguez ; selección e introducción de Francisco Pérez-Maricevich
246 13 - FORMA VARIANTE DE TÍTULO
Título propio/Titulo breve Las cuatro frases del Luisón y otros poemas
264 ## - PRODUCCIÓN, PUBLICACIÓN, DISTRIBUCIÓN, FABRICACIÓN Y COPYRIGHT
Producción, publicación, distribución, fabricación y copyright Asunción, Paraguay :
Nombre del de productor, editor, distribuidor, fabricante Editorial el Lector,
Fecha de producción, publicación, distribución, fabricación o copyright 2012
300 ## - DESCRIPCIÓN FÍSICA
Extensión 82 páginas ;
Dimensiones 23 cm.
336 ## - TIPO DE CONTENIDO
Término de tipo de contenido texto
Código de tipo de contenido txt
Fuente rdacontent
337 ## - TIPO DE MEDIO
Nombre/término del tipo de medio sin mediación
Código del tipo de medio n
Fuente rdamedia
338 ## - TIPO DE SOPORTE
Nombre/término del tipo de soporte volumen
Código del tipo de soporte nc
Fuente rdacarrier
490 0# - MENCIÓN DE SERIE
Mención de serie Biblioteca popular de autores paraguayos ;
-- Hacia un país de lectores,
Designación de volumen o secuencia 18
500 ## - NOTA GENERAL
Nota general Incluye datos biográficos del autor en la contracubierta
586 ## - NOTA DE PREMIOS
Nota de premios
590 ## - NOTA LOCAL (RLIN)
Nota local Inventariado, 2025/VM
650 #7 - PUNTO DE ACCESO ADICIONAL DE MATERIA--TÉRMINO DE MATERIA
Término de materia o nombre geográfico como elemento de entrada Poesía paraguaya
650 #7 - PUNTO DE ACCESO ADICIONAL DE MATERIA--TÉRMINO DE MATERIA
Término de materia o nombre geográfico como elemento de entrada Luisón (Mitología)
Subdivisión de forma Poesía
Subdivisión general
650 #7 - PUNTO DE ACCESO ADICIONAL DE MATERIA--TÉRMINO DE MATERIA
Término de materia o nombre geográfico como elemento de entrada Literatura paraguaya
Subdivisión cronológica
910 ## - DATOS DE OPCIÓN DEL USUARIO (OCLC)
Datos de opción del usuario VMateo V. Control de calidad. BPMSU
942 ## - ELEMENTOS DE PUNTO DE ACCESO ADICIONAL (KOHA)
Fuente del sistema de clasificación o colocación Dewey Decimal Classification
Tipo de ítem Koha Libros
Existencias
Estado de retiro Estado de pérdida Fuente del sistema de clasificación o colocación No para préstamo Código de colección Localización permanente Ubicación/localización actual Fecha de adquisición Total de préstamos Signatura topográfica completa Código de barras Fecha visto por última vez Precio válido a partir de Tipo de ítem Koha
    Dewey Decimal Classification   Colección Juvenil General Biblioteca Pública Metropolitana Salomé Ureña Biblioteca Pública Metropolitana Salomé Ureña 11/04/2025   BPMSU CJG Pa861.44 D671c 2012 BPMSU25110006 11/04/2025 11/04/2025 Libros